ARRUPE JESUIT UNIVERSITY

CORONAVIRUS -STOP THE SPREAD - CLEAN,DISINFECT,COVER
Normal view MARC view

Entry Topical Term

Number of records used in: 1

001 - CONTROL NUMBER

  • control field: 14374

003 - CONTROL NUMBER IDENTIFIER

  • control field: ARRUPE

005 - DATE AND TIME OF LATEST TRANSACTION

  • control field: 20150120142433.0

008 - FIXED-LENGTH DATA ELEMENTS

  • fixed length control field: 150120|| aca||aabn | a|a d

040 ## - CATALOGING SOURCE

  • Original cataloging agency: ARRUPE
  • Transcribing agency: ARRUPE

150 ## - HEADING--TOPICAL TERM

  • Topical term or geographic name as entry element: Thought and thinking
  • General subdivision: Mathematical models.

670 ## - SOURCE DATA FOUND

  • Source citation: Work cat.: (ARRUPE)0: Khrennikov, A. I︠U︡. (Andreĭ I︠U︡rʹevich), 1958- 14372, Classical and quantum mental models and Freud's theory of unconscious/conscious mind /, [2002?]

 

Arrupe Library. PO Box MP320 Mt Pleasant, Harare, Zimbabwe
263 242 745411|librarian@aju.ac.zw